000 01016nam a2200289 i 4500
003 DO-SdBNP
005 20250305105051.0
007 ta
008 250305s200u dr 000 0 spa d
040 _aDO-SdBNP
_bspa
_cBNPHU
_erda
082 4 _axxx
_bR426Le
_222
110 2 _aRepública Dominicana
_9447
240 1 0 _a[Leyes, etc.]
245 1 0 _aLey 6186 sobre fomento agrícola /
_hedición Maximo A. Díaz
246 1 4 _aLey sobre fomento agrícola No. 6186 :
_bformularios, jurisprudencias /
264 1 _aSanto Domingo :
_b[editor no identificado],
_c[200-].
300 _a125 páginas
_c21 cm.
336 _atexto
_btxt
_2rdacontent
337 _asin mediación
_bn
_2rdamedia
338 _avolumen
_bnc
_2rdacarrier
590 _aInventariado, 2025/ YL
650 4 _aReglamentos de transito
_zRepública Dominicana
_977295
650 4 _aTransporte motorizado
_xLegislación
_zRepública Dominicana
_983166
700 1 _aDíaz, Máximo A.
_eedición
_965694
_4ed.
910 _aYLockward
942 _2ddc
_cLBS1
999 _c58318
_d58318